On-the-job training preparedness of Bachelor of Science in Office Administration students of Camarines Sur Polytechnic Colleges / (Record no. 28802)
[ view plain ]
| 000 -LEADER | |
|---|---|
| fixed length control field | 01100nam a22002657a 4500 |
| 003 - CONTROL NUMBER IDENTIFIER | |
| control field | CSPC |
| 005 - DATE AND TIME OF LATEST TRANSACTION | |
| control field | 20250210134302.0 |
| 007 - PHYSICAL DESCRIPTION FIXED FIELD--GENERAL INFORMATION | |
| fixed length control field | ta |
| 008 - FIXED-LENGTH DATA ELEMENTS--GENERAL INFORMATION | |
| fixed length control field | 250210s2018 ph a mabs 000 0 eng |
| 040 ## - CATALOGING SOURCE | |
| Transcribing agency | CSPC |
| 090 ## - LOCALLY ASSIGNED LC-TYPE CALL NUMBER (OCLC); LOCAL CALL NUMBER (RLIN) | |
| Classification number (OCLC) (R) ; Classification number, CALL (RLIN) (NR) | UTH BSOA M312o |
| 100 ## - MAIN ENTRY--PERSONAL NAME | |
| Personal name | Manchete, Maria Adeline C. |
| Relator term | author. |
| 245 ## - TITLE STATEMENT | |
| Title | On-the-job training preparedness of Bachelor of Science in Office Administration students of Camarines Sur Polytechnic Colleges / |
| Statement of responsibility, etc. | Maria Adeline C. Manchete |
| 264 ## - PRODUCTION, PUBLICATION, DISTRIBUTION, MANUFACTURE, AND COPYRIGHT NOTICE | |
| Place of production, publication, distribution, manufacture | Buhi, Camarines Sur : |
| Name of producer, publisher, distributor, manufacturer | Camarines Sur Polytechnic Colleges ; |
| Date of production, publication, distribution, manufacture, or copyright notice | 2018. |
| 300 ## - PHYSICAL DESCRIPTION | |
| Extent | xv, 95 leaves : |
| Other physical details | illustrations ; |
| Dimensions | 28 cm. |
| 502 ## - DISSERTATION NOTE | |
| Dissertation note | Undergraduate Theses (BSOA) Office Administration |
| Name of granting institution | Camarines Sur Polytechnic Colleges |
| 700 ## - ADDED ENTRY--PERSONAL NAME | |
| Personal name | Naron, Regine O. |
| Relator term | author. |
| 700 ## - ADDED ENTRY--PERSONAL NAME | |
| Personal name | Romano, Jessa Mae C. |
| Relator term | author. |
| 720 ## - ADDED ENTRY--UNCONTROLLED NAME | |
| Name | Penetrante, Nancy S. MBA |
| Relator term | adviser. |
| 720 ## - ADDED ENTRY--UNCONTROLLED NAME | |
| Name | Manzano, Maria Teresa J. PhD |
| Relator term | panelist chairman |
| 720 ## - ADDED ENTRY--UNCONTROLLED NAME | |
| Name | Zaballa, Helen V. LPT |
| Relator term | panelist member |
| 720 ## - ADDED ENTRY--UNCONTROLLED NAME | |
| Name | Federis, Melany C. MBM |
| Relator term | panelist member |
| 942 ## - ADDED ENTRY ELEMENTS (KOHA) | |
| Source of classification or shelving scheme | Dewey Decimal Classification |
| Suppress in OPAC | No |
| Koha item type | Unpublished Materials |
| Call number prefix | UTH |
| Call number suffix | 2018 |
| Withdrawn status | Lost status | Source of classification or shelving scheme | Damaged status | Not for loan | Home library | Current library | Shelving location | Date acquired | Total Checkouts | Full call number | Barcode | Date last seen | Copy number | Price effective from | Koha item type |
|---|---|---|---|---|---|---|---|---|---|---|---|---|---|---|---|
| Dewey Decimal Classification | Buhi Campus | Buhi Campus | Undergraduate Thesis Section | 05/12/2023 | UTH BSOA M312o 2018 | 00199UM-BUH | 05/12/2023 | 1-1 | 05/12/2023 | Unpublished Materials |